Gabinete de contabilidad : elementos prácticos 4 /
Guardado en:
| Autor Principal: | |
|---|---|
| Otros Autores: | |
| Formato: | Libro |
| Publicado: |
Buenos Aires :
Gram Editora,
1984
|
| Materias: | |
| Etiquetas: |
Agregar Etiqueta
Sin Etiquetas, Sea el primero en etiquetar este registro!
|
| LEADER | 00809nam a22002295a 4500 | ||
|---|---|---|---|
| 001 | CEM.cems006427 | ||
| 005 | 20060214000000.0 | ||
| 008 | 130507s1984##################000#0#####d | ||
| 003 | CEMS | ||
| 082 | 0 | 4 | |a 657 |
| 100 | 1 | |a Valsecchi, Pedro Pablo | |
| 245 | 1 | 0 | |a Gabinete de contabilidad : |b elementos prácticos 4 / |
| 260 | |a Buenos Aires : |b Gram Editora, |c 1984 | ||
| 300 | |a 216 p. | ||
| 505 | 0 | |a Creación del gabinete.-Formación de la empresa.-Caracteristicas y actividades de la empresa segun su objeto.-Operaciónes finales: balance. | |
| 653 | |a Ajuste por inflacion | ||
| 653 | |a Contabilidad | ||
| 653 | |a Contabilidad 4to. año | ||
| 653 | |a Empresa agropecuaria | ||
| 653 | |a Empresa industrial | ||
| 700 | 1 | |a Zanetti De Londra, Marta | |
| 859 | |a CEMS |b BIB. CEMS - 11 de abril |h 657 |i V248-1/IV |p 13926.86 |t Ej.1 | ||
